000 00315 a2200157 4500
001 59905
020 _a8575566873
040 _cAnchieta - Pituba
100 _aRotterdam, Erasmo de
240 1 0 _aDe pueris
_lpor
245 1 0 _aDe pueris
300 _a158
362 0 _a2005
650 4 _aEducação
942 _cBK
999 _c59905
_d59905